[Event "NED-ch 1997 sf"]
[Site "Enschede"]
[Date "1996.??.??"]
[Round "6"]
[White "Kroeze, Frank"]
[Black "Bark, Eric"]
[Result "1-0"]
[WhiteElo "2390"]
[BlackElo "2295"]
[PlyCount "49"]
[EventDate "1996.??.??"]

1. e4 c5 2. Nf3 Nc6 3. Bb5 e5 4. O-O Nge7 5. c3 Qb6 6. Na3 Ng6 7. d3 a6 8. Bc4
Be7 9. Bd5 d6 10. Nc4 Qd8 11. a4 h6 12. a5 O-O 13. Qb3 Bg5 14. Nb6 Rb8 15. Bxg5
hxg5 16. Nxc8 g4 17. Ng5 Qxg5 18. Nxd6 Nh4 19. Nxf7 Rxf7 20. Bxf7+ Kh7 21. Be6
Rf8 22. Bf5+ Kh8 23. Qd1 Rxf5 24. exf5 Ne7 25. Ra4 1-0

[Event "NED-ch 1997 sf"]
[Site "Enschede"]
[Date "1996.??.??"]
[Round "6"]
[White "Perez Garcia, Hebert"]
[Black "Van der Werf, Mark"]
[Result "0-1"]
[WhiteElo "2210"]
[BlackElo "2400"]
[PlyCount "62"]
[EventDate "1996.??.??"]

1. e4 c5 2. Nf3 e6 3. d3 d5 4. Nbd2 Nc6 5. Qe2 Nf6 6. g3 Be7 7. Bg2 Qc7 8. O-O
b6 9. Re1 Bb7 10. e5 Nd7 11. c4 dxc4 12. dxc4 g5 13. g4 h5 14. h3 hxg4 15. hxg4
O-O-O 16. Nf1 Nf8 17. Ng3 Ng6 18. Nh5 Rdg8 19. Bd2 Nh4 20. Bh1 Nf5 21. Bc3 Rxh5
22. gxh5 g4 23. Nd2 g3 24. f3 Ncd4 25. Bxd4 cxd4 26. Qd3 Ne3 27. Re2 Qxe5 28.
f4 g2 29. Bxg2 Qg7 30. Ne4 Nxg2 31. h6 Qxh6 0-1

[Event "NED-ch 1997 sf"]
[Site "Enschede"]
[Date "1996.??.??"]
[Round "6"]
[White "Sziva, Erika"]
[Black "De Boer, Sybolt"]
[Result "0-1"]
[WhiteElo "2250"]
[BlackElo "2240"]
[PlyCount "80"]
[EventDate "1996.??.??"]

1. e4 c5 2. Nf3 e6 3. d4 cxd4 4. Nxd4 Nf6 5. Nc3 d6 6. g4 h6 7. h4 Be7 8. g5
hxg5 9. Bxg5 Nc6 10. Qd2 Qb6 11. Nb3 Bd7 12. O-O-O a6 13. f4 O-O-O 14. Be2 d5
15. exd5 Nxd5 16. Nxd5 exd5 17. Bxe7 Nxe7 18. Qc3+ Qc7 19. Qxc7+ Kxc7 20. h5
Bf5 21. Nd4 Be4 22. Rhg1 g6 23. hxg6 Nxg6 24. f5 Ne5 25. Bd3 Bxd3 26. cxd3 Rh3
27. Rg7 Kd6 28. Kc2 Ke7 29. a3 Kf6 30. Rg2 Rc8+ 31. Kb1 Rxd3 32. Rxd3 Nxd3 33.
Rd2 Rc1+ 34. Ka2 Nf4 35. b3 Re1 36. a4 Re4 37. b4 Ke5 38. Nc2 Kxf5 39. a5 Ke5
40. Kb3 d4 0-1

[Event "NED-ch 1997 sf"]
[Site "Enschede"]
[Date "1996.??.??"]
[Round "6"]
[White "Theulings, Paul-Peter"]
[Black "Vogel, Jaap"]
[Result "1/2-1/2"]
[WhiteElo "2155"]
[BlackElo "2295"]
[PlyCount "32"]
[EventDate "1996.??.??"]

1. Nf3 Nf6 2. c4 e6 3. Nc3 Bb4 4. g3 O-O 5. Bg2 d6 6. O-O Nbd7 7. Qc2 e5 8. a3
Bxc3 9. Qxc3 Re8 10. b4 c6 11. Bb2 a5 12. Qb3 Nf8 13. d3 Bg4 14. h3 Bxf3 15.
Bxf3 Ne6 16. e3 Qb6 1/2-1/2

[Event "NED-ch 1997 sf"]
[Site "Enschede"]
[Date "1996.??.??"]
[Round "6"]
[White "Van Schaardenburg, Mark"]
[Black "Knoppert, Erik"]
[Result "1/2-1/2"]
[WhiteElo "2295"]
[BlackElo "2415"]
[PlyCount "117"]
[EventDate "1996.??.??"]

1. d4 Nf6 2. Nf3 c5 3. c3 b6 4. Bg5 Bb7 5. Nbd2 d6 6. Bxf6 exf6 7. g3 g6 8. Bg2
Bg7 9. O-O O-O 10. dxc5 dxc5 11. Nc4 Qc7 12. Qd6 Na6 13. Qxc7 Nxc7 14. Nfd2
Bxg2 15. Kxg2 Rfd8 16. Rfd1 Rd7 17. Nf1 Rad8 18. Rxd7 Rxd7 19. e4 Kf8 20. a4
Ke7 21. Nfe3 h5 22. f4 Rd8 23. Re1 Kd7 24. Rd1+ Ke7 25. Re1 Rb8 26. Rd1 Bf8 27.
Nd5+ Nxd5 28. Rxd5 Ke6 29. f5+ Ke7 30. Kf3 Bg7 31. Ke2 Rc8 32. h3 Bh6 33. Kf3
Rc6 34. Rd1 Bf8 35. g4 h4 36. e5 Bg7 37. Rd6 Rxd6 38. exd6+ Kd7 39. Ke4 Kc6 40.
b4 cxb4 41. cxb4 Bf8 42. Kd4 Bxd6 43. b5+ Kd7 44. Kd5 Bf4 45. Na3 Bd6 46. Nc2
Bc5 47. Ne1 g5 48. Nd3 Ba3 49. Ne1 Bc5 50. Nc2 Kc7 51. a5 Kd7 52. a6 Kc7 53.
Ne1 Kd7 54. Nd3 Ba3 55. Nf2 Bb2 56. Ne4 Ba1 57. Nd6 Bc3 58. Ne4 Ba1 59. Nd6
1/2-1/2

[Event "NED-ch 1997 sf"]
[Site "Enschede"]
[Date "1996.??.??"]
[Round "6"]
[White "Van der Poel, Henk"]
[Black "Van Haastert, Edwin"]
[Result "1-0"]
[WhiteElo "2320"]
[BlackElo "2300"]
[PlyCount "77"]
[EventDate "1996.??.??"]

1. e4 c5 2. Nf3 d6 3. d4 cxd4 4. Nxd4 Nf6 5. Nc3 g6 6. Be3 Bg7 7. f3 O-O 8. Qd2
Nc6 9. Bc4 Bd7 10. O-O-O Rc8 11. Bb3 Ne5 12. h4 h5 13. Kb1 Nc4 14. Bxc4 Rxc4
15. Nb3 Qc7 16. Bd4 Bc6 17. Qe2 b5 18. e5 dxe5 19. Bxe5 Qb6 20. Nd2 Rc5 21. Bd4
b4 22. Nb3 bxc3 23. Bxc5 Qb8 24. Qxe7 cxb2 25. Qxa7 Nd5 26. Rxd5 Bxd5 27. Qxb8
Rxb8 28. Ba3 Re8 29. Bxb2 Bf8 30. Rd1 Bc6 31. Bc3 Be7 32. Rd4 Ba3 33. Bb4 Bxb4
34. Rxb4 Re1+ 35. Kb2 Rg1 36. Nd4 Be8 37. a4 Rxg2 38. a5 g5 39. a6 1-0

[Event "NED-ch 1997 sf"]
[Site "Enschede"]
[Date "1996.??.??"]
[Round "6"]
[White "Van der Weide, Karel"]
[Black "Bosch, Jeroen"]
[Result "1-0"]
[WhiteElo "2365"]
[BlackElo "2425"]
[PlyCount "153"]
[EventDate "1996.??.??"]

1. e4 c5 2. Nf3 g6 3. d3 Bg7 4. g3 d6 5. Bg2 Nc6 6. O-O Nf6 7. c3 O-O 8. Re1 e5
9. Nbd2 Re8 10. a3 d5 11. exd5 Nxd5 12. Nc4 h6 13. Nfd2 Nb6 14. Ne4 f5 15. Nxc5
Nxc4 16. dxc4 Qxd1 17. Rxd1 e4 18. Be3 Ne5 19. b3 Nc6 20. Na4 Be6 21. Bf1 b6
22. Be2 Na5 23. Rab1 Bf8 24. Rd4 Rac8 25. Bd1 g5 26. Bc2 Nc6 27. Rdd1 Ne5 28.
Kg2 Bd7 29. b4 Bc6 30. c5 f4 31. b5 Ba8 32. gxf4 gxf4 33. Bxf4 bxc5 34. Kf1 Bb7
35. Ke2 c4 36. Bxe5 Rxe5 37. Rd7 Re7 38. Rbd1 Rc7 39. Rd8 Kf7 40. Nb2 Kg7 41.
Rg1+ Kf7 42. Nxc4 Re8 43. Rd2 Kf6 44. Bb3 Bc5 45. a4 Bc8 46. Rg3 h5 47. Ne3
Bg4+ 48. Ke1 Rcc8 49. Bd1 Be6 50. Bxh5 Rg8 51. Be2 Rh8 52. Bg4 Rxh2 53. Bxe6
Kxe6 54. Rg6+ Kf7 55. Rc6 Rxc6 56. bxc6 Bxe3 57. fxe3 Rh6 58. Rd7+ Ke8 59. Rxa7
Rxc6 60. Kd2 Rd6+ 61. Ke2 Rc6 62. Ra5 Kf7 63. Rd5 Rxc3 64. Rd4 Rc2+ 65. Kd1 Ra2
66. Rxe4 Kf6 67. Kc1 Kf5 68. Kb1 Rh2 69. Rb4 Re2 70. Rb3 Ke4 71. a5 Rh2 72. a6
Rh1+ 73. Kb2 Rh2+ 74. Ka3 Rh6 75. Rb4+ Kd3 76. a7 Rh1 77. Rb2 1-0

[Event "NED-ch 1997 sf"]
[Site "Enschede"]
[Date "1996.??.??"]
[Round "7"]
[White "De Boer, Sybolt"]
[Black "Hendriks, Willy"]
[Result "1-0"]
[WhiteElo "2240"]
[BlackElo "2430"]
[PlyCount "43"]
[EventDate "1996.??.??"]

1. c4 c5 2. Nc3 Nc6 3. Nf3 g6 4. e3 Nf6 5. d4 cxd4 6. exd4 d5 7. Bg5 Ne4 8.
cxd5 Nxc3 9. bxc3 Qxd5 10. c4 Qe4+ 11. Be2 Bg7 12. O-O Nxd4 13. Nxd4 Qxd4 14.
Rb1 O-O 15. Qc1 Qc5 16. Bf3 Rb8 17. Re1 Be6 18. Bf4 Bd4 19. Re2 Bxc4 20. Rc2 b5
21. Bxb8 Rxb8 22. Rxc4 1-0

[Event "NED-ch 1997 sf"]
[Site "Enschede"]
[Date "1996.??.??"]
[Round "7"]
[White "Ernst, Sipke"]
[Black "Sziva, Erika"]
[Result "0-1"]
[WhiteElo "2215"]
[BlackElo "2250"]
[PlyCount "136"]
[EventDate "1996.??.??"]

1. c4 Nf6 2. b3 g6 3. Bb2 Bg7 4. Nf3 d6 5. d4 O-O 6. e3 Nbd7 7. Nc3 e5 8. Be2
Re8 9. Qc2 c6 10. O-O a6 11. Rfd1 e4 12. Nd2 d5 13. cxd5 cxd5 14. Na4 Bf8 15.
Qc1 b5 16. Nc5 Bd6 17. h3 Nf8 18. b4 Rb8 19. a4 Bc7 20. axb5 Qd6 21. Nf1 axb5
22. Ra7 Re7 23. Qc2 Qd8 24. Ra3 Ne8 25. Rda1 Nd6 26. Ra8 Nc4 27. Bc3 h5 28. Qa2
Re8 29. Rxb8 Bxb8 30. Qa8 Qd6 31. Na6 Be6 32. Nxb8 Rxb8 33. Qa7 Nd7 34. Nd2
Ndb6 35. Nxc4 Nxc4 36. Bxc4 bxc4 37. Ra6 Qd8 38. Ra5 Qc8 39. Qc5 Qe8 40. Kf1
Ra8 41. Kg1 Rc8 42. Qa7 Rb8 43. Qa6 Qc8 44. Qxc8+ Rxc8 45. h4 Kf8 46. f3 exf3
47. gxf3 Ke7 48. e4 Kd6 49. Kf2 f6 50. Kg3 Rg8 51. Ra6+ Ke7 52. Kf4 g5+ 53.
hxg5 Rxg5 54. Ra7+ Bd7 55. Ra5 h4 56. exd5 h3 57. Ra1 Kd6 58. b5 Bxb5 59. Rh1
Rh5 60. Rh2 Kxd5 61. Ke3 Bd7 62. Kf2 Rh8 63. Kg1 Re8 64. Rc2 Re3 65. Kf2 h2 66.
Kg2 Bf5 67. Rc1 Re2+ 68. Kg3 Rc2 0-1

[Event "NED-ch 1997 sf"]
[Site "Enschede"]
[Date "1996.??.??"]
[Round "7"]
[White "Knoppert, Erik"]
[Black "Kroeze, Frank"]
[Result "0-1"]
[WhiteElo "2415"]
[BlackElo "2390"]
[PlyCount "46"]
[EventDate "1996.??.??"]

1. c4 e6 2. d4 d5 3. Nc3 c6 4. cxd5 exd5 5. Bf4 Bf5 6. e3 Qb6 7. Qd2 Nf6 8. a3
Nbd7 9. Be2 Be7 10. h3 O-O 11. Nf3 Ne4 12. Nxe4 dxe4 13. Ne5 Nxe5 14. Bxe5 Be6
15. O-O a5 16. Rac1 Qd8 17. Qc2 Bd5 18. Bc4 Qd7 19. Rfd1 Rfd8 20. Qb3 a4 21.
Qa2 Ra5 22. Rd2 Bxc4 23. Qxc4 Rxe5 0-1

[Event "NED-ch 1997 sf"]
[Site "Enschede"]
[Date "1996.??.??"]
[Round "7"]
[White "Riemersma, Liafbern"]
[Black "Van der Weide, Karel"]
[Result "1/2-1/2"]
[WhiteElo "2435"]
[BlackElo "2365"]
[PlyCount "218"]
[EventDate "1996.??.??"]

1. e4 c5 2. Nf3 Nc6 3. d4 cxd4 4. Nxd4 g6 5. c4 Nf6 6. Nc3 d6 7. Be2 Nxd4 8.
Qxd4 Bg7 9. Bg5 O-O 10. Qe3 Be6 11. Rc1 Qb6 12. Qd2 Qa5 13. f3 Rfc8 14. b3 a6
15. Na4 Qxd2+ 16. Kxd2 Nd7 17. g4 f6 18. Be3 f5 19. exf5 gxf5 20. h3 Rf8 21. f4
Rad8 22. Bf3 fxg4 23. hxg4 d5 24. cxd5 Ne5 25. Be4 Bxd5 26. Bxh7+ Kf7 27. Rh5
Bxb3+ 28. Ke2 Bc4+ 29. Ke1 Nxg4 30. Bb6 Rd5 31. Rf5+ Rxf5 32. Bxf5 Be6 33.
Bxe6+ Kxe6 34. Nc5+ Kf5 35. Nxb7 Kxf4 36. Rc7 Bf6 37. Nc5 Rh8 38. Nxa6 Rh1+ 39.
Kd2 Rh2+ 40. Kd3 Rxa2 41. Nb4 Ne5+ 42. Kc3 Nc6+ 43. Kc4 Nxb4 44. Kxb4 e5 45.
Rf7 Kg5 46. Kc4 Kg6 47. Rf8 Rd2 48. Ba5 Rd4+ 49. Kb3 Kf5 50. Bc3 Rd6 51. Kc2
Ke4 52. Ra8 Bg5 53. Ra4+ Kf5 54. Ra5 Bf4 55. Rb5 Ke4 56. Rb4+ Kf3 57. Rb3 Rc6
58. Kd1 e4 59. Be5+ Be3 60. Bc3 Bf2 61. Bd2+ e3 62. Bxe3 Bxe3 63. Rb1 Rc4 64.
Ra1 Rc3 65. Rb1 Ke4 66. Rb2 Kd3 67. Rd2+ Ke4 68. Ra2 Rc1+ 69. Ke2 Rh1 70. Ra8
Rh2+ 71. Kd1 Kf3 72. Rf8+ Bf4 73. Rd8 Ra2 74. Rf8 Ke4 75. Rc8 Rd2+ 76. Kc1 Rh2+
77. Kd1 Be5 78. Rc2 Rh1+ 79. Ke2 Rh3 80. Rc4+ Bd4 81. Rc2 Rg3 82. Rd2 Rc3 83.
Ra2 Re3+ 84. Kd2 Bc3+ 85. Kc2 Kd4 86. Ra4+ Kc5 87. Rg4 Bd4 88. Rg5+ Kc4 89. Kd2
Rf3 90. Rg2 Rd3+ 91. Ke2 Kc3 92. Rg8 Re3+ 93. Kf1 Kd3 94. Kg2 Re1 95. Rg4 Be3
96. Kf3 Rf1+ 97. Kg2 Ke2 98. Rg3 Bf4 99. Rb3 Rf2+ 100. Kh3 Rf1 101. Kg4 Be3
102. Rb2+ Kd3 103. Rg2 Ke4 104. Rg3 Rf8 105. Rg2 Rf4+ 106. Kg3 Rf7 107. Kg4 Rh7
108. Rg3 Bf4 109. Rg2 Rg7+ 1/2-1/2

[Event "NED-ch 1997 sf"]
[Site "Enschede"]
[Date "1996.??.??"]
[Round "7"]
[White "Roobol, Martin"]
[Black "Ellenbroek, Ton"]
[Result "1-0"]
[WhiteElo "2365"]
[BlackElo "2095"]
[PlyCount "61"]
[EventDate "1996.??.??"]

1. d4 d5 2. c4 c6 3. Nc3 Nf6 4. Nf3 dxc4 5. a4 Bf5 6. e3 e6 7. Bxc4 Bb4 8. O-O
Nbd7 9. Qe2 O-O 10. Nh4 Bg4 11. f3 Nd5 12. fxg4 Qxh4 13. Bd2 Nxc3 14. bxc3 Bd6
15. g3 Qe7 16. e4 e5 17. Rf2 Kh8 18. Raf1 f6 19. g5 fxg5 20. Rf7 Rxf7 21. Rxf7
Qd8 22. Qg4 Nf6 23. Qxg5 Ne8 24. Qxe5 Nf6 25. Qg5 Bf8 26. e5 Ne4 27. Qxd8 Rxd8
28. Be1 Rb8 29. h4 Re8 30. Kf1 Bd6 31. Rf4 1-0

[Event "NED-ch 1997 sf"]
[Site "Enschede"]
[Date "1996.??.??"]
[Round "7"]
[White "Strating, Sybolt"]
[Black "Hoogendoorn, Joost"]
[Result "1/2-1/2"]
[WhiteElo "2325"]
[BlackElo "2345"]
[PlyCount "102"]
[EventDate "1996.??.??"]

1. d4 Nf6 2. Nf3 g6 3. c4 c5 4. Nc3 cxd4 5. Nxd4 Bg7 6. g3 O-O 7. Bg2 Nc6 8.
O-O Nxd4 9. Qxd4 d6 10. Qd2 Qc7 11. Qd3 Bd7 12. Be3 a6 13. Rac1 Rac8 14. Rfd1
Qb8 15. Bb6 Bc6 16. Nd5 Bxd5 17. cxd5 Nd7 18. Qb3 Rxc1 19. Rxc1 Rc8 20. Rxc8+
Qxc8 21. Be3 Ne5 22. Qb4 f5 23. b3 Kf7 24. Qd2 Nd7 25. Qc1 Qxc1+ 26. Bxc1 Bd4
27. e3 Bc3 28. e4 Bd4 29. exf5 gxf5 30. Kf1 Ne5 31. Ke2 Bxf2 32. Bb2 Bc5 33.
Bxe5 dxe5 34. h3 e4 35. g4 Kf6 36. gxf5 Kxf5 37. h4 Ke5 38. Bh3 b6 39. Bc8 a5
40. h5 Kf4 41. Bd7 h6 42. Bb5 Ba3 43. Kd2 Kf3 44. Be2+ Kf2 45. Bb5 Bb4+ 46. Kd1
Ke3 47. a4 Kd4 48. Kc2 Kxd5 49. Bc4+ Kd4 50. Bb5 Ke3 51. Kd1 Kd4 1/2-1/2

[Event "NED-ch 1997 sf"]
[Site "Enschede"]
[Date "1996.??.??"]
[Round "7"]
[White "Theulings, Paul-Peter"]
[Black "Perez Garcia, Hebert"]
[Result "1/2-1/2"]
[WhiteElo "2155"]
[BlackElo "2210"]
[PlyCount "53"]
[EventDate "1996.??.??"]

1. Nf3 f5 2. d4 Nf6 3. Bf4 e6 4. e3 b6 5. Bd3 Bb7 6. O-O Be7 7. h3 O-O 8. c4
Ne4 9. Nbd2 d6 10. Qb1 Ng5 11. Bxg5 Bxg5 12. d5 g6 13. Nd4 Bc8 14. Nxe6 Bxe6
15. dxe6 Qe7 16. Nf3 Bf6 17. Nd4 Bxd4 18. exd4 Qxe6 19. Qd1 Nd7 20. Qf3 Nf6 21.
Rfe1 Qd7 22. Re3 Kg7 23. Rae1 Rae8 24. Qb7 Rxe3 25. Rxe3 a5 26. g3 Rf7 27. Qf3
1/2-1/2

[Event "NED-ch 1997 sf"]
[Site "Enschede"]
[Date "1996.??.??"]
[Round "7"]
[White "Van Haastert, Edwin"]
[Black "Van Schaardenburg, Mark"]
[Result "1-0"]
[WhiteElo "2300"]
[BlackElo "2295"]
[PlyCount "71"]
[EventDate "1996.??.??"]

1. e4 e5 2. Nf3 Qe7 3. Bc4 d6 4. Nc3 c6 5. O-O h6 6. d4 g5 7. dxe5 dxe5 8. a4
Qf6 9. Be3 Nd7 10. Qd2 Ne7 11. a5 Ng6 12. a6 b6 13. Rfd1 Be7 14. Ne2 Nh4 15.
Ne1 Nf8 16. Ng3 Ne6 17. Bxe6 Bxe6 18. Qc3 Rc8 19. Nh5 Qg6 20. Qxe5 O-O 21. Bd4
Kh7 22. Ng7 Rg8 23. Nxe6 Qxe6 24. Qxe6 fxe6 25. Be3 Rgd8 26. Kf1 Bf6 27. c3 Ng6
28. Ke2 Ne5 29. Bd4 Nd7 30. Nc2 Be7 31. Be3 e5 32. Rd2 Nb8 33. Bxb6 Rxd2+ 34.
Kxd2 Nxa6 35. Rxa6 axb6 36. Ra7 1-0

[Event "NED-ch 1997 sf"]
[Site "Enschede"]
[Date "1996.??.??"]
[Round "7"]
[White "Van der Poel, Henk"]
[Black "Bosboom, Manuel"]
[Result "0-1"]
[WhiteElo "2320"]
[BlackElo "2410"]
[PlyCount "76"]
[EventDate "1996.??.??"]

1. e4 c5 2. Nf3 d6 3. d4 cxd4 4. Nxd4 Nf6 5. Nc3 a6 6. f4 e6 7. Qf3 Qb6 8. Nb3
h5 9. a4 Qc7 10. a5 Nc6 11. Bd3 Nd7 12. Be3 Nc5 13. O-O Bd7 14. Qf2 Nb4 15.
Nxc5 dxc5 16. Bc4 Be7 17. e5 Rc8 18. Rfd1 Bc6 19. Rd2 O-O 20. Be2 f6 21. Bxc5
fxe5 22. Bb6 Qb8 23. Bc4 Bd5 24. Nxd5 exd5 25. Bxd5+ Nxd5 26. Rxd5 Rxf4 27. Qe2
Bf6 28. Rf1 e4 29. Qxh5 Rh4 30. Qe2 Qxh2+ 31. Kf2 Bxb2 32. c4 Rf8+ 33. Ke1 Qg3+
34. Bf2 Qc3+ 35. Qd2 Qxc4 36. Qxb2 e3 37. Rd7 Qxf1+ 38. Kxf1 Rh1+ 0-1

[Event "NED-ch 1997 sf"]
[Site "Enschede"]
[Date "1996.??.??"]
[Round "7"]
[White "Van der Werf, Mark"]
[Black "Langeweg, Kick"]
[Result "1/2-1/2"]
[WhiteElo "2400"]
[BlackElo "2375"]
[PlyCount "116"]
[EventDate "1996.??.??"]

1. d4 Nf6 2. c4 e6 3. Nc3 Bb4 4. e3 b6 5. Bd3 Bb7 6. Nf3 O-O 7. O-O c5 8. Bd2
d6 9. a3 Bxc3 10. Bxc3 Nbd7 11. Re1 Ne4 12. Bxe4 Bxe4 13. Nd2 Bg6 14. Qf3 Qc7
15. h4 h6 16. h5 Bh7 17. Qg3 e5 18. dxe5 dxe5 19. f4 Rae8 20. Nf3 f6 21. Rad1
Rf7 22. fxe5 Be4 23. Qf4 Qb7 24. exf6 Nxf6 25. Ne5 Rff8 26. Qh2 Bf5 27. b4 Ng4
28. Qg3 Qe4 29. Nxg4 Qxg4 30. Qxg4 Bxg4 31. Rd6 cxb4 32. axb4 Bxh5 33. Bd4 Rf7
34. c5 bxc5 35. Bxc5 Rb8 36. Ra6 Rbb7 37. e4 Rf6 38. Rxa7 Rxa7 39. Bxa7 Ra6 40.
Bc5 Be8 41. Re2 Bb5 42. Re3 Kf7 43. e5 Ke6 44. Bd6 Bc6 45. Re2 h5 46. Rf2 Bd5
47. Kh2 Ra2 48. Rxa2 Bxa2 49. b5 Bc4 50. b6 Bd5 51. Kh3 Kf5 52. g3 g6 53. Kh2
Bb7 54. Kg1 Ba8 55. Kf2 Bh1 56. Bc7 Ba8 57. Ke3 Bh1 58. Kd4 Ke6 1/2-1/2

[Event "NED-ch 1997 sf"]
[Site "Enschede"]
[Date "1996.??.??"]
[Round "8"]
[White "Bark, Eric"]
[Black "Ellenbroek, Ton"]
[Result "0-1"]
[WhiteElo "2295"]
[BlackElo "2095"]
[PlyCount "116"]
[EventDate "1996.??.??"]

1. e3 e5 2. Nf3 Nc6 3. c4 Nf6 4. Nc3 Bb4 5. Qc2 O-O 6. Be2 Bxc3 7. Qxc3 e4 8.
Ne5 Ne7 9. h3 h5 10. c5 d6 11. Nc4 dxc5 12. g4 hxg4 13. hxg4 Ng6 14. b3 Bxg4
15. Bb2 Bxe2 16. Kxe2 Qd5 17. Rag1 Rad8 18. Rg3 Qd3+ 19. Qxd3 exd3+ 20. Kf1 Rd5
21. Bxf6 gxf6 22. f4 Re8 23. Kf2 Kf8 24. Kf3 b6 25. Rh7 Re7 26. e4 Rd4 27. f5
Ne5+ 28. Kf4 Ke8 29. Rg8+ Kd7 30. Nxe5+ fxe5+ 31. Kf3 f6 32. Rh6 Rf7 33. Ra8 a5
34. Rhh8 Kc6 35. Ke3 Kb5 36. Rad8 Rxd8 37. Rxd8 Kb4 38. Kxd3 Ka3 39. Kc4 Kxa2
40. Kd5 Rh7 41. Ke6 Rh6 42. Rg8 Kxb3 43. Rg6 Rh4 44. Kd5 a4 45. Rxf6 a3 46. Rg6
Rh1 47. f6 a2 48. f7 Rf1 49. Rg3+ Kb2 50. d4 a1=Q 51. dxe5 Qa2+ 52. Kc6 Qe6+
53. Kb5 Rxf7 54. Rg2+ Kc3 55. Rg3+ Kd4 56. Ra3 c6+ 57. Kxb6 Qd7 58. Ra4+ c4 0-1

[Event "NED-ch 1997 sf"]
[Site "Enschede"]
[Date "1996.??.??"]
[Round "8"]
[White "De Boer, Sybolt"]
[Black "Riemersma, Liafbern"]
[Result "0-1"]
[WhiteElo "2240"]
[BlackElo "2435"]
[PlyCount "44"]
[EventDate "1996.??.??"]

1. e4 c5 2. b4 cxb4 3. Bb2 d5 4. exd5 Qxd5 5. c4 Qd8 6. Nf3 Bg4 7. d4 e6 8.
Nbd2 Nf6 9. h3 Bxf3 10. Qxf3 Nc6 11. Qe3 Be7 12. Bd3 a6 13. O-O O-O 14. Ne4 g6
15. Nc5 Nd7 16. Nxd7 Qxd7 17. d5 exd5 18. cxd5 Qxd5 19. Rac1 Qxa2 20. Rc2 Qe6
21. Bc4 Qxe3 22. fxe3 Bg5 0-1

[Event "NED-ch 1997 sf"]
[Site "Enschede"]
[Date "1996.??.??"]
[Round "8"]
[White "Etmans, Maarten"]
[Black "Vogel, Jaap"]
[Result "0-1"]
[WhiteElo "2230"]
[BlackElo "2295"]
[PlyCount "128"]
[EventDate "1996.??.??"]

1. e4 e6 2. d4 d5 3. Nc3 Bb4 4. exd5 exd5 5. Bd3 Nf6 6. Bg5 Be6 7. Nge2 Nc6 8.
Qd2 h6 9. Bh4 g5 10. Bg3 Qd7 11. a3 Be7 12. O-O-O Nh5 13. Kb1 O-O-O 14. Bb5 a6
15. Ba4 Nxg3 16. hxg3 Qd6 17. Nc1 Na5 18. Nd3 Nc4 19. Qc1 Qb6 20. Bb3 Qxd4 21.
Nf4 Qc5 22. Nxe6 fxe6 23. Bxc4 Qxc4 24. Qe3 d4 25. Qe4 Kb8 26. Rd3 Qc5 27. Ne2
e5 28. Nc1 Qd5 29. Qxd5 Rxd5 30. g4 e4 31. Rdh3 Bf8 32. Re1 Re5 33. Nb3 c5 34.
Nd2 e3 35. fxe3 Bg7 36. e4 Rhe8 37. Rf3 R5e6 38. Rf5 Be5 39. Nf3 Kc7 40. Rh1
Bd6 41. e5 Bxe5 42. Nxe5 Rxe5 43. Rxh6 Rxf5 44. gxf5 Re1+ 45. Ka2 Re2 46. Rg6
Rxg2 47. f6 Kd6 48. Kb1 Rg1+ 49. Ka2 Ke6 50. f7+ Kxf7 51. Rb6 Re1 52. Rxb7+ Re7
53. Rb8 g4 54. Rb3 Kf6 55. Rg3 Kf5 56. Rg1 c4 57. Rf1+ Kg5 58. Rf8 g3 59. Rg8+
Kf4 60. Rf8+ Ke3 61. Rg8 Kf2 62. Rf8+ Kg1 63. Rf4 Rd7 64. Kb1 g2 0-1

[Event "NED-ch 1997 sf"]
[Site "Enschede"]
[Date "1996.??.??"]
[Round "8"]
[White "Hendriks, Willy"]
[Black "Bosch, Jeroen"]
[Result "1-0"]
[WhiteElo "2430"]
[BlackElo "2425"]
[PlyCount "89"]
[EventDate "1996.??.??"]

1. e4 Nf6 2. e5 Nd5 3. d4 d6 4. Nf3 Bg4 5. Be2 e6 6. h3 Bh5 7. O-O Be7 8. c4
Nb6 9. Be3 O-O 10. Nc3 d5 11. c5 Bxf3 12. gxf3 Nc8 13. f4 Bh4 14. Bd3 g6 15.
Qg4 f5 16. Qe2 Nc6 17. a3 Kh8 18. b4 a6 19. Kh1 N8e7 20. Qd2 Ng8 21. Ne2 Nh6
22. Ng1 Nf7 23. Nf3 Rg8 24. Rg1 Qe7 25. a4 Ncd8 26. b5 axb5 27. axb5 Rxa1 28.
Rxa1 g5 29. Nxh4 gxh4 30. Be2 Nh6 31. Rg1 Rxg1+ 32. Kxg1 Kg7 33. Qa5 Nhf7 34.
Bd2 Nh8 35. Qa8 c6 36. Ba5 Nhf7 37. Qc8 Kh6 38. Bc7 Qe8 39. b6 Qe7 40. Bd6 Qe8
41. Qc7 Kg6 42. Be7 Kh6 43. Bf6 Kg6 44. Bxd8 Qxd8 45. Bh5+ 1-0

[Event "NED-ch 1997 sf"]
[Site "Enschede"]
[Date "1996.??.??"]
[Round "8"]
[White "Kroeze, Frank"]
[Black "Ernst, Sipke"]
[Result "1-0"]
[WhiteElo "2390"]
[BlackElo "2215"]
[PlyCount "50"]
[EventDate "1996.??.??"]

1. e4 c5 2. Nf3 e6 3. c3 Nf6 4. e5 Nd5 5. g3 Nc6 6. Bg2 d6 7. exd6 Qxd6 8. O-O
Be7 9. Na3 O-O 10. Nc4 Qc7 11. a4 b6 12. d3 Ba6 13. Qe2 Rad8 14. h4 h6 15. Re1
Bf6 16. Nh2 Rfe8 17. Ng4 Be7 18. Bxh6 gxh6 19. Nxh6+ Kf8 20. Nxf7 Bf6 21. Nxd8
Qxd8 22. Qh5 e5 23. Qf3 Bxc4 24. dxc4 e4 25. Rxe4 Rxe4 1-0

[Event "NED-ch 1997 sf"]
[Site "Enschede"]
[Date "1996.??.??"]
[Round "8"]
[White "Langeweg, Kick"]
[Black "Van Haastert, Edwin"]
[Result "1/2-1/2"]
[WhiteElo "2375"]
[BlackElo "2300"]
[PlyCount "56"]
[EventDate "1996.??.??"]

1. Nf3 Nf6 2. d4 d5 3. e3 c6 4. c4 e6 5. Nbd2 Bd6 6. Bd3 O-O 7. b3 Nbd7 8. Bb2
b6 9. O-O Bb7 10. Ne5 Qe7 11. e4 dxe4 12. Nxe4 Nxe4 13. Bxe4 Rac8 14. Re1 Nxe5
15. dxe5 Bc5 16. Qf3 Rfd8 17. Rad1 Rxd1 18. Rxd1 Rd8 19. g3 Rd7 20. h4 Qd8 21.
Rd3 h6 22. Kg2 Rxd3 23. Bxd3 Bd4 24. Bxd4 Qxd4 25. Qe4 Qxe4+ 26. Bxe4 Kf8 27.
f4 Ke7 28. b4 Ba6 1/2-1/2

[Event "NED-ch 1997 sf"]
[Site "Enschede"]
[Date "1996.??.??"]
[Round "8"]
[White "Van Schaardenburg, Mark"]
[Black "Theulings, Paul-Peter"]
[Result "0-1"]
[WhiteElo "2295"]
[BlackElo "2155"]
[PlyCount "58"]
[EventDate "1996.??.??"]

1. e4 Nf6 2. Nc3 e5 3. f4 d5 4. fxe5 Nxe4 5. d3 Bb4 6. dxe4 Qh4+ 7. Ke2 Bg4+ 8.
Nf3 Nc6 9. Nxd5 O-O-O 10. c3 f5 11. Bf4 fxe4 12. cxb4 Rhf8 13. Ke3 exf3 14. g3
Qh5 15. Rc1 g5 16. Rxc6 gxf4+ 17. gxf4 bxc6 18. Ne7+ Kb7 19. Qa4 Qh6 20. Ba6+
Ka8 21. b5 Rxf4 22. Qxf4 Rd3+ 23. Kxd3 Qxf4 24. h3 f2 25. hxg4 Qf3+ 26. Kd4
Qxh1 27. bxc6 Qd1+ 28. Ke3 Qe1+ 29. Kd4 Qb4+ 0-1

[Event "NED-ch 1997 sf"]
[Site "Enschede"]
[Date "1996.??.??"]
[Round "8"]
[White "Van der Weide, Karel"]
[Black "Sziva, Erika"]
[Result "1-0"]
[WhiteElo "2365"]
[BlackElo "2250"]
[PlyCount "179"]
[EventDate "1996.??.??"]

1. e4 g6 2. d3 Bg7 3. g3 d5 4. Nd2 c6 5. Bg2 Nh6 6. Ngf3 O-O 7. O-O f6 8. Re1
Nf7 9. Qe2 Re8 10. Nf1 Na6 11. h4 Nc7 12. h5 g5 13. Ne3 e6 14. e5 f5 15. d4 b6
16. c3 c5 17. g4 f4 18. Nc2 c4 19. b3 b5 20. Ba3 Bd7 21. Nh2 a5 22. Bf3 Bh6 23.
Qd2 Ra6 24. Reb1 Na8 25. Bd1 Nb6 26. Ne1 Qa8 27. Bc5 Bc6 28. Bc2 Nd7 29. Ba3 a4
30. bxa4 bxa4 31. Rb2 Bf8 32. Bxf8 Rxf8 33. a3 Rb8 34. Rxb8+ Qxb8 35. Rb1 Qf8
36. Qc1 Ra8 37. Rb4 Nd8 38. Nhf3 Qe7 39. Qd1 h6 40. Bxa4 Nf8 41. Bxc6 Nxc6 42.
Ra4 Qb7 43. Rxa8 Qxa8 44. Nc2 Qa4 45. Nd2 Na7 46. Qb1 Nb5 47. Qb2 Nxa3 48. Nxa3
Qd1+ 49. Kh2 Qxg4 50. f3 Qg3+ 51. Kh1 Qe1+ 52. Kg2 Qe2+ 53. Kg1 g4 54. Ndxc4
Qe1+ 55. Kg2 gxf3+ 56. Kxf3 Qg3+ 57. Ke2 dxc4 58. Nxc4 Qg2+ 59. Kd3 Qf3+ 60.
Kc2 Qe4+ 61. Kb3 Qd5 62. Qe2 f3 63. Qd3 Kh8 64. Kc2 f2 65. Qe2 Qg2 66. Ne3 Qg1
67. Nf1 Nh7 68. Nd2 Ng5 69. Qa6 Qe1 70. Qa8+ Kg7 71. Qb7+ Nf7 72. Qf3 Kg8 73.
Kd3 Ng5 74. Qf6 Nf7 75. c4 Qg1 76. c5 Qg3+ 77. Ke2 Qg4+ 78. Ke3 Qg3+ 79. Qf3
Qg5+ 80. Ke2 Qh4 81. Ne4 Ng5 82. Nf6+ Kg7 83. Qxf2 Qh1 84. Ne8+ Kg8 85. Nd6
Qxh5+ 86. Kd2 Qh1 87. Qf6 Qg2+ 88. Kc3 Qh3+ 89. Kb4 Nf3 90. Qg6+ 1-0